000 00347nam a22001577a 4500
005 20160620151011.0
008 160620b xxu||||| |||| 00| 0 eng d
041 _aeng
082 _b8576
100 _aRoy Shakhar Prashu (Editor)
_92334
245 _aNew Approach
260 _c1998
300 _a200
650 _aManagement
_9241
942 _cBK
999 _c3300
_d3299